|
|
|
|
| LEADER |
02602nam a2200445 a 4500 |
| 001 |
00502986 |
| 003 |
GR-PaULI |
| 008 |
080112s1998 gr b 000 0 gre d |
| 040 |
|
|
|a GrPaTEI
|b gre
|c GR-PaULI
|
| 050 |
|
|
|a DF221.C8
|b S35 1998
|
| 082 |
|
0 |
|a 913.918
|2 22
|
| 082 |
|
0 |
|a 930.1
|2 21
|
| 082 |
|
0 |
|a 938.2801
|2 21
|
| 082 |
|
0 |
|a 938.281
|2 21
|
| 082 |
|
0 |
|a 938.655
|2 21
|
| 082 |
|
0 |
|a 938.655
|2 22
|
| 082 |
|
0 |
|a 949.5907
|2 22
|
| 084 |
|
|
|a ΕΛΠ 42
|
| 100 |
1 |
|
|a Σακελλαράκης, Γιάννης Α.,
|d 1936-2010.
|
| 245 |
1 |
0 |
|a Αρχαιολογικές αγωνίες στην Κρήτη του 19ου αιώνα :
|b 51 έγγραφα για τις κρητικές αρχαιότητες: (1833-1898) /
|c Γιάννης Σακελλαράκης.
|
| 246 |
1 |
3 |
|a Αρχαιολογικές αγωνίες στην Κρήτη του δέκατου ένατου αιώνα:
|b πενήντα ένα έγγραφα για τις κρητικές αρχαιότητες:
|b (1833-1898)
|
| 260 |
|
|
|a Ηράκλειο :
|b Πανεπιστημιακές Εκδόσεις Κρήτης,
|c 1998
|
| 300 |
|
|
|a [219] σ. :
|b εικ. ;
|c 24 εκ.
|
| 490 |
1 |
|
|a Συμβολές στις επιστήμες του ανθρώπου. Αρχαιολογία / Πανεπιστημιακές Εκδόσεις Κρήτης
|
| 504 |
|
|
|a Ευρετήριο: σ. [219].
|
| 504 |
|
|
|a Περιλαμβάνει βιβλιογραφικές αναφορές.
|
| 546 |
|
|
|a Περίληψη στα αγγλικά.
|
| 650 |
|
0 |
|a Ανασκαφές (Αρχαιολογία)
|z Ελλάδα
|z Κρήτη
|
| 650 |
|
0 |
|a Αρχαιολογία
|
| 650 |
|
4 |
|a Αρχαιολογία στον ελληνικό χώρο
|x ΕΛΠ 42
|
| 650 |
|
7 |
|a Αρχαιολογία
|z Ελλάδα
|z Κρήτη
|x Ιστορία
|y 19ος αιώνας
|2 lcsh/gre
|
| 650 |
|
7 |
|a Αρχαιολογία
|z Ελλάδα
|z Κρήτη
|x Ιστορία
|y 19ος αιώνας
|x Πηγές
|2 nlgaf
|
| 651 |
|
0 |
|a Crete (Greece)
|x History
|v Sources
|9 GR-PaHOU
|
| 651 |
|
0 |
|a Κρήτη (Ελλάδα)
|x Αρχαιότητες
|
| 651 |
|
7 |
|a Κρήτη (Ελλάδα)
|x Αρχαιότητες
|2 lcsh/gre
|
| 830 |
|
0 |
|a Συμβολές στις επιστήμες του ανθρώπου.
|p Αρχαιολογία (Πανεπιστημιακές Εκδόσεις Κρήτης)
|
| 942 |
|
|
|2 ddc
|
| 952 |
|
|
|0 0
|1 0
|2 ddc
|4 0
|6 938_280000000000000_1_ΣΑΚ
|7 0
|9 252615
|a MSLG
|b MSLG
|c BSC
|d 2021-01-17
|e 24
|f 1
|g 0.00
|l 0
|o 938.280 1 ΣΑΚ
|p 2420000011740
|r 2021-01-17 00:00:00
|t 1
|w 2021-01-17
|y BK15
|x 20030721 0 1
|x GrPaTEI
|
| 971 |
|
|
|a .b22975718
|b 22-04-20
|c 14-09-15
|
| 999 |
|
|
|c 149424
|d 149424
|